Responses for Show #1707 - Tuesday, January 21, 1992

Contestants

[<< previous game]

Rhea Levine, an anatomy professor from Haddonfield, New Jersey

Joseph D'Hippolito, a freelance writer from Fullerton, California

Walter Mayes, a publisher sales representative from San Francisco, California (whose 4-day cash winnings total $56,003)

Jeopardy! Round responses

HISTORIC SITES
ODD JOBS
SPORTS
THE SEAS
INTERNATIONAL CUISINE
STARTS WITH "K"
    $100 7
Alaska

Joseph
    $100 26
ringmaster

Joseph
    $100 2
(Walter: What is baseball?)
(Joseph: What is the NFL, [*]?)

football

WalterJoseph
    $100 14
tides

Rhea
    $100 1
potatoes

Joseph
    $100 18
knitting

Joseph
    $200 8
Masada

Joseph
    $200 27
caller

Joseph
    $200 3
speed skating

Joseph
    $200 15
chlorophyll

Joseph
    $200 10
(Joseph: What is rice?)

sugar

WalterJoseph
    $200 22
Kildaire

Walter
    $300 9
(Rhea: What is uh, Cuzco & Machu Picchu?)

Machu Picchu

WalterRhea
    $300 28
(Rhea: What is wool [*]?)
(Alex: [*] of any kind as a matter of fact.)

fabric

Rhea
    $300 4
Casey Stengel

Walter
    $300 19
typhoons

Joseph
    $300 11
rice

Rhea
    $300 23
Knights of Columbus

Joseph
    $400 16
Pennsylvania

Joseph
    $400 29
color bearer (standard bearer)

Rhea
    $400 5
(1 of) Soviet Union (or Yugoslavia)

Joseph
    $400 20
(Joseph: What is the Antarctic Ocean?)

the bottom on the sea

Joseph
Triple Stumper
    $400 12
eggs

Rhea
    $400 24
(Alex: That's right and we have less than a minute to go.)

keynote address

Joseph
    $500 17
Ronald Reagan Library

Walter
    $500 30
apple

Rhea
    $800 6
[Joseph fists pumps after getting it right.]
(Alex: Joseph, you seem so angry. You're leading.)
[Laughter]
(Joseph: Nervous.)

biathlon

Joseph
    $500 21
salinity

Joseph
    $500 13
(green) peas

Rhea
    $500 25
(Rhea: Who is Kokoschka?)
[Best guess at who Rhea was going for with her response.]

Kandinsky

WalterRhea

Scores at the first commercial break (after clue 12):

Walter Joseph Rhea
$700 $1,700 $400

Scores at the end of the Jeopardy! Round:

Walter Joseph Rhea
$1,900 $3,800 $1,700

Double Jeopardy! Round responses

FAMOUS NAMES
WORLD GEOGRAPHY
FICTIONAL CHARACTERS
COLLEGES & UNIVERSITIES
CHEMISTRY
THE FRENCH REVOLUTION
    $200 22
Austria

Walter
    $200 2
Uganda

Joseph
    $200 19
Cyrano de Bergerac

Joseph
    $200 8
Yale

Joseph
    $200 1
periodic table

Joseph
    $200 16
(Joseph: What is the Reign of [*]?)

terror

Joseph
    $400 24
D-Day

Joseph
    $400 3
Cyprus

Rhea
    $400 23
Ashley Wilkes

Joseph
    $400 10
(Walter: Who is Madison?)

Aaron Burr

WalterJoseph
    $400 4
yellow

Rhea
    $400 17
(Joseph: Who are, uh, King Louis & Marie Antoinette?)

weapons

Joseph
Triple Stumper
    $600 25
(Alex: We have a minute to go.)

(Sir Edmund) Hillary

Rhea
    $600 9
Amazon

Rhea
    $600 26
"Fast Eddie" Felson

Triple Stumper
    $600 13
NapoleĆ³n Duarte

Joseph
    $600 5
(Rhea: What is nitrogen?)
(Joseph: What is hydrogen?)

oxygen

JosephRhea
Triple Stumper
    $600 18
Louis XVI

Rhea
    $800 27
uncle

Joseph
    $800 11
Providence

Joseph
    $800 14
(Rhea: What is the University of Wisconsin?)

Indiana

Rhea
Triple Stumper
    $800 6
surface film (surface tension)

Rhea
    $800 20
Robespierre

Joseph
    $8,000 28
(Alex: Joseph, it seems to be your day.)
[Laughter]
(Joseph: $8,000!)
(Alex: All right.)
(Joseph: No, wait a sec... uh...)
(Alex: No, you can't change your mind, I'm sorry. You're stuck with that. You'll still be in the lead if you're wrong. I hope for your sake that you are right.)
(Joseph: I hope for my sake too.)
[Laughter]
...
(Alex: You have $20,000!)
[Screams and cheers from the audience]
(Joseph: [Fist pumps] Wooo! [Hand slaps the podium])
(Alex: Joseph, before you make your next selection let me ask you a question because when I read that clue I got the feeling you were going to ring in again when though you didn't have to. Am I right or wrong?)
(Joseph: No, I'm just a very tense person.)
[The end-of-round signal sounds.]

sisters

Joseph
    $2,000 12
[Joseph pumps fist.]

Panama Canal

Joseph
    $1000 15
gunpowder

Joseph
    $1000 7
(Rhea: What is nitrogen?)

carbon

Rhea
Triple Stumper
    $1000 21
(Walter: What are provinces?)

departments

WalterJoseph

Scores at the end of the Double Jeopardy! Round:

Walter Joseph Rhea
$700 $20,000 $2,700
(lock game)

[wagering suggestions for these scores]

Final Jeopardy! Round responses

U.S.A.
WalterWhat the heck is Fairfax?
$700
RheaWhat is Arlington VA?
$0
JosephWhat is Chevy Chase?
$5,000
Bethesda, Maryland

Final scores:

Walter Joseph Rhea
$0 $15,000 $2,700
3rd place: Daniel Mink Bolero collection watch + Jeopardy! home game New champion: $15,000 2nd place: Lane video cabinet & Sanyo 20" color TV + Jeopardy! home game

Game dynamics:

Coryat scores:

Walter Joseph Rhea
$700 $11,700 $2,700
7 R,
3 W
32 R
(including 3 DDs),
4 W
13 R,
5 W

Combined Coryat: $15,100

[game clues] [game scores] [suggest correction]

Game tape date: 1991-11-06
The J! Archive is created by fans, for fans. Scraping, republication, monetization, and malicious use prohibited; this site may use cookies and collect identifying information. See terms. The Jeopardy! game show and all elements thereof, including but not limited to copyright and trademark thereto, are the property of Jeopardy Productions, Inc. and are protected under law. This website is not affiliated with, sponsored by, or operated by Jeopardy Productions, Inc. Join the discussion at JBoard.tv.